Actors considered Box Office Poison - Statistics

General Stats
  • This quiz has been taken 4 times
  • The average score is 4 of 7
Answer Stats
Films Actor % Correct
Ninotchka, Mata Hari Greta Garbo
75%
Mildred Pierce, Sudden Fear Joan Crawford
75%
Morocco, Blonde Venus Marlene Dietrich
75%
Bringing up Baby, Stage Door Katharine Hepburn
50%
She Done Him Wrong, Klondike Annie Mae West
50%
Diamond Jim, Lillian Russell Edward Arnold
25%
One Way Passage, Confession Kay Francis
25%
No matching quizzes found
Score Distribution
Percent of People with Each Score
Percentile by Number Answered
Your Score History
You have not taken this quiz